[Event "3. Memorial Oliver Gonzalez 2012 - B"]
[Site "Madrid ESP"]
[Date "2012.09.07"]
[Round "7.2"]
[White "Rasskin Friederichs, Ivan"]
[Black "Vazquez Gonzalez, Jesus"]
[Result "1-0"]
[WhiteElo "2015"]
[BlackElo "2061"]
[PlyCount "53"]
[EventDate "2012.09.01"]
[EventType "swiss"]
[EventRounds "9"]
[EventCountry "ESP"]
[Source "lmi"]
[SourceDate "2012.09.01"]

1. e4 Nc6 2. Nc3 e5 3. f4 exf4 4. Nf3 g5 5. h4 g4 6. Ng5 Nh6 7. d4 f6 8. Bxf4
fxg5 9. hxg5 Nf7 10. Qxg4 d6 11. Qh5 Nxd4 12. O-O-O Ne6 13. Bc4 c6 14. Rhf1 Qc7
15. Be3 Bg7 16. Rf3 Bxc3 17. bxc3 b5 18. Rdf1 Rf8 19. Bb3 c5 20. Bd5 Rb8 21.
Qxh7 Qe7 22. g6 Neg5 23. Bxf7+ Kd8 24. Bxg5 Qxg5+ 25. Rf4 Rb7 26. Qh4 Qxh4 27.
Rxh4 1-0

[Event "3. Memorial Oliver Gonzalez 2012 - B"]
[Site "Madrid ESP"]
[Date "2012.09.07"]
[Round "7.3"]
[White "Sarto Ramos, Angel"]
[Black "Zanoletty Garcia, David"]
[Result "0-1"]
[WhiteElo "2020"]
[BlackElo "1962"]
[PlyCount "21"]
[EventDate "2012.09.01"]
[EventType "swiss"]
[EventRounds "9"]
[EventCountry "ESP"]
[Source "lmi"]
[SourceDate "2012.09.01"]

1. d4 d5 2. Nf3 Nf6 3. Nbd2 e6 4. e3 c5 5. a3 cxd4 6. exd4 Nc6 7. Bd3 Bd6 8.
O-O O-O 9. c3 Re8 10. Re1 Qc7 11. Qc2 0-1

[Event "3. Memorial Oliver Gonzalez 2012 - B"]
[Site "Madrid ESP"]
[Date "2012.09.07"]
[Round "7.4"]
[White "Avendaño Mateos, Jose"]
[Black "Cavalle Pulla, Daniel"]
[Result "1/2-1/2"]
[WhiteElo "2014"]
[BlackElo "2019"]
[PlyCount "60"]
[EventDate "2012.09.01"]
[EventType "swiss"]
[EventRounds "9"]
[EventCountry "ESP"]
[Source "lmi"]
[SourceDate "2012.09.01"]

1. c4 e5 2. Nc3 Nc6 3. g3 g6 4. e4 Bg7 5. Bg2 Nge7 6. Nge2 O-O 7. O-O d6 8. Nd5
f5 9. d3 Nxd5 10. cxd5 Ne7 11. Rb1 h6 12. f4 c6 13. dxc6 bxc6 14. Be3 Be6 15.
h3 Qd7 16. Qd2 Kh7 17. Rbc1 Rac8 18. d4 exf4 19. Nxf4 fxe4 20. Bxe4 d5 21. Nxe6
Qxe6 22. Bb1 Rce8 23. Rxf8 Rxf8 24. Rf1 Rxf1+ 25. Kxf1 Nc8 26. Bf4 Nd6 27. Bxd6
Qxd6 28. Qd3 Qf6+ 29. Kg2 Qg5 30. h4 Qg4 1/2-1/2

[Event "3. Memorial Oliver Gonzalez 2012 - B"]
[Site "Madrid ESP"]
[Date "2012.09.07"]
[Round "7.5"]
[White "Quintero Torres, Pedro"]
[Black "Morona Minguez, Irene"]
[Result "1/2-1/2"]
[WhiteElo "2053"]
[BlackElo "1952"]
[PlyCount "74"]
[EventDate "2012.09.01"]
[EventType "swiss"]
[EventRounds "9"]
[EventCountry "ESP"]
[Source "lmi"]
[SourceDate "2012.09.01"]

1. e4 c5 2. Nf3 e6 3. b3 Nc6 4. Bb2 Nf6 5. e5 Nd5 6. Bb5 g6 7. Nc3 Nxc3 8. Bxc3
Bg7 9. Bxc6 dxc6 10. O-O Qd5 11. Qe2 b6 12. Bb2 O-O 13. c4 Ba6 14. Rfd1 Qd7 15.
d4 cxd4 16. Rxd4 Qc7 17. Rad1 Rfd8 18. Qd2 Rxd4 19. Qxd4 Rb8 20. Qd7 Qxd7 21.
Rxd7 Rb7 22. Rd8+ Bf8 23. Nd4 Rc7 24. Bc1 Kg7 25. Bg5 Bc5 26. Bf6+ Kh6 27. Ne2
Be7 28. Bxe7 Rxe7 29. f4 c5 30. Nc3 Bb7 31. Kf2 Kg7 32. Nb5 Bc6 33. Nd6 f6 34.
g3 fxe5 35. fxe5 g5 36. Ke3 Kg6 37. Rf8 Kh5 1/2-1/2

[Event "3. Memorial Oliver Gonzalez 2012 - B"]
[Site "Madrid ESP"]
[Date "2012.09.07"]
[Round "7.7"]
[White "Sanchez Lopez, Maria"]
[Black "Rojas Pozo, Jose Luis"]
[Result "0-1"]
[WhiteElo "1873"]
[BlackElo "1963"]
[PlyCount "86"]
[EventDate "2012.09.01"]
[EventType "swiss"]
[EventRounds "9"]
[EventCountry "ESP"]
[Source "lmi"]
[SourceDate "2012.09.01"]

1. d4 d5 2. c4 e5 3. dxe5 d4 4. Nf3 Nc6 5. Nbd2 Bg4 6. h3 Bxf3 7. Nxf3 Bb4+ 8.
Bd2 Qe7 9. a3 Bxd2+ 10. Qxd2 O-O-O 11. Qf4 f6 12. exf6 Nxf6 13. Rd1 Qc5 14. Rc1
a5 15. g3 Rhe8 16. Bg2 d3 17. Bf1 Ne4 18. e3 d2+ 19. Nxd2 Nxd2 20. Bg2 Kb8 21.
Rd1 Nxc4 22. O-O Nd2 23. Rc1 Qe5 24. Qxe5 Nxe5 25. Rfd1 Ndf3+ 26. Kf1 Nd2+ 27.
Ke2 Nb3 28. Rb1 a4 29. Rxd8+ Rxd8 30. Rd1 Rxd1 31. Kxd1 c6 32. Be4 h6 33. f4
Nc4 34. Ke2 Nxb2 35. Bb1 Nc4 36. e4 Nxa3 37. Bd3 Nc1+ 38. Ke3 Nxd3 39. Kxd3 Nb5
40. e5 Kc7 41. f5 a3 42. f6 gxf6 43. exf6 Kd6 0-1

[Event "3. Memorial Oliver Gonzalez 2012 - B"]
[Site "Madrid ESP"]
[Date "2012.09.07"]
[Round "7.8"]
[White "Lara Granero, Bio"]
[Black "Hernanz Villaoslada, Javier"]
[Result "1-0"]
[WhiteElo "2069"]
[BlackElo "1658"]
[PlyCount "63"]
[EventDate "2012.09.01"]
[EventType "swiss"]
[EventRounds "9"]
[EventCountry "ESP"]
[Source "lmi"]
[SourceDate "2012.09.01"]

1. Nf3 Nf6 2. g3 g6 3. Bg2 Bg7 4. d3 d6 5. Nbd2 e5 6. c4 O-O 7. Rb1 a5 8. a3
Nc6 9. O-O Nd7 10. b4 axb4 11. axb4 f5 12. Qb3 Kh8 13. Bb2 Nf6 14. Ra1 Rxa1 15.
Rxa1 Be6 16. b5 Ne7 17. Ng5 Qd7 18. Nxe6 Qxe6 19. Bxb7 d5 20. cxd5 Qb6 21. Bc6
Ng4 22. d4 Nxc6 23. dxc6 exd4 24. Ra6 Qb8 25. h3 Ne5 26. f4 Nf7 27. Nf3 Qd8 28.
Ra4 Nd6 29. Nxd4 Ne4 30. Ne6 Qe7 31. Bxg7+ Kg8 32. Bxf8 1-0

[Event "3. Memorial Oliver Gonzalez 2012 - B"]
[Site "Madrid ESP"]
[Date "2012.09.07"]
[Round "7.9"]
[White "Sacristan Latorre, Alberto"]
[Black "Garcia Serrano, Jose M. Ii"]
[Result "0-1"]
[WhiteElo "2041"]
[BlackElo "1896"]
[PlyCount "74"]
[EventDate "2012.09.01"]
[EventType "swiss"]
[EventRounds "9"]
[EventCountry "ESP"]
[Source "lmi"]
[SourceDate "2012.09.01"]

1. e4 e5 2. Nf3 Nc6 3. d4 exd4 4. Nxd4 Nf6 5. Nxc6 bxc6 6. e5 Qe7 7. Qe2 Nd5 8.
c4 Ba6 9. b3 g6 10. g3 Bg7 11. f4 O-O 12. Bg2 Rfe8 13. O-O Rab8 14. Re1 Qc5+
15. Kh1 d6 16. Qd1 dxe5 17. cxd5 exf4 18. Ba3 Qf2 19. Nd2 Bxa1 20. Ne4 Bc3 21.
Rf1 Qxa2 22. Nxc3 Qxa3 23. Rxf4 Qxb3 24. Qd2 cxd5 25. Bxd5 Bb7 26. Bxb7 Qxb7+
27. Kg1 Rbd8 28. Qf2 Qb6 29. Rxf7 Qxf2+ 30. Rxf2 a5 31. Ra2 Ra8 32. Kf2 Re5 33.
Na4 Rf8+ 34. Kg2 Rd8 35. Rc2 Rd7 36. Kf3 Rd4 37. Nc5 a4 0-1

[Event "3. Memorial Oliver Gonzalez 2012 - B"]
[Site "Madrid ESP"]
[Date "2012.09.07"]
[Round "7.10"]
[White "Camarero Izquierdo, Juan Carlo"]
[Black "Perez Llera, Javier"]
[Result "1-0"]
[WhiteElo "1899"]
[BlackElo "2015"]
[PlyCount "141"]
[EventDate "2012.09.01"]
[EventType "swiss"]
[EventRounds "9"]
[EventCountry "ESP"]
[Source "lmi"]
[SourceDate "2012.09.01"]

1. d4 d5 2. Nc3 c6 3. e4 dxe4 4. Nxe4 Bf5 5. Ng3 Bg6 6. Be3 e6 7. Bd3 Bxd3 8.
Qxd3 Nf6 9. O-O-O Qc7 10. f4 Nbd7 11. Nf3 Nd5 12. Ne5 N7f6 13. Kb1 O-O-O 14.
Rhe1 Bd6 15. Qb3 h5 16. Bd2 h4 17. Nf1 Bxe5 18. fxe5 Nd7 19. c4 Ne7 20. Ne3 c5
21. Qa3 Nb6 22. dxc5 Nd7 23. Ba5 b6 24. cxb6 axb6 25. Qxe7 bxa5 26. Qxf7 Nc5
27. Qf3 Qb7 28. Qxb7+ Kxb7 29. Kc2 Rxd1 30. Rxd1 Rh5 31. Ng4 h3 32. g3 Rf5 33.
Rd8 Rg5 34. Rd4 Kc7 35. a3 a4 36. Kc3 Nb3 37. Rf4 Nc5 38. Nf2 Rxe5 39. Rf7+ Kc6
40. Rxg7 Re3+ 41. Kd2 Rb3 42. Kc1 Rf3 43. Nxh3 Rf1+ 44. Kc2 Rh1 45. Nf4 Rxh2+
46. Kc3 e5 47. Rg6+ Kd7 48. Nd5 Ne4+ 49. Kd3 Nc5+ 50. Kc3 Ne4+ 51. Kb4 Rxb2+
52. Kxa4 Nc5+ 53. Ka5 Nb7+ 54. Ka6 Nc5+ 55. Ka7 Rb3 56. Nb6+ Kc7 57. a4 Ra3 58.
Nd5+ Kd8 59. Kb6 Nxa4+ 60. Kc6 Ke8 61. g4 Nb2 62. c5 Nd3 63. Kd6 Ra6+ 64. c6
Kf7 65. Rf6+ Kg7 66. g5 e4 67. Ke7 Ne5 68. c7 Nc6+ 69. Kd7 Ne5+ 70. Kc8 Ra8+
71. Kb7 1-0

[Event "3. Memorial Oliver Gonzalez 2012 - B"]
[Site "Madrid ESP"]
[Date "2012.09.07"]
[Round "7.11"]
[White "De Sousa Da Silva, Armando"]
[Black "Ortiz Berruguete, Adrian"]
[Result "1-0"]
[WhiteElo "2014"]
[BlackElo "1803"]
[PlyCount "75"]
[EventDate "2012.09.01"]
[EventType "swiss"]
[EventRounds "9"]
[EventCountry "ESP"]
[Source "lmi"]
[SourceDate "2012.09.01"]

1. Nf3 Nf6 2. b3 e6 3. Bb2 Be7 4. g3 b6 5. Bg2 Bb7 6. d3 d5 7. O-O O-O 8. c4
dxc4 9. bxc4 Nbd7 10. a4 c5 11. Nc3 Ne8 12. Qc2 Nc7 13. a5 Na6 14. axb6 Qxb6
15. Na4 Qc7 16. Rfb1 Nb4 17. Qd1 Rfb8 18. h4 a5 19. Nd2 Bxg2 20. Kxg2 Qc6+ 21.
f3 f5 22. h5 h6 23. Nb3 Nf6 24. Be5 Rb7 25. Naxc5 Bxc5 26. Nxa5 Rxa5 27. Rxa5
Nd7 28. Bc3 Na6 29. Rxb7 Qxb7 30. Qa1 Nc7 31. Bxg7 Kh7 32. Bd4 Bd6 33. Qa4 Nb6
34. Qb3 Nca8 35. c5 Bxg3 36. cxb6 Qb8 37. Qxe6 Nxb6 38. Qg6# 1-0

[Event "3. Memorial Oliver Gonzalez 2012 - B"]
[Site "Madrid ESP"]
[Date "2012.09.07"]
[Round "7.12"]
[White "Morera Rodriguez, Ignacio"]
[Black "Fernandez Lago, David"]
[Result "1-0"]
[WhiteElo "1800"]
[BlackElo "1976"]
[PlyCount "87"]
[EventDate "2012.09.01"]
[EventType "swiss"]
[EventRounds "9"]
[EventCountry "ESP"]
[Source "lmi"]
[SourceDate "2012.09.01"]

1. d4 Nf6 2. c4 e6 3. g3 Bb4+ 4. Bd2 a5 5. Bg2 O-O 6. Nc3 d5 7. e3 c6 8. Nf3
Nbd7 9. a3 Bd6 10. cxd5 exd5 11. O-O Nb6 12. Rb1 Bf5 13. Rc1 Nc4 14. Qb3 b5 15.
a4 b4 16. Nb1 Ne4 17. Rfd1 Bg4 18. h3 Bh5 19. g4 Bg6 20. Be1 h5 21. Nfd2 Ncxd2
22. Nxd2 hxg4 23. hxg4 Qd7 24. Nf1 Be7 25. f3 Nd6 26. Bg3 f5 27. Qc2 fxg4 28.
Qxg6 gxf3 29. Be5 Bf6 30. Bxf3 Bxe5 31. Bg4 Rf6 32. Qh5 Bh2+ 33. Nxh2 Qe7 34.
Qe5 Qf8 35. Rf1 Re8 36. Rxf6 gxf6 37. Be6+ Kh7 38. Qh5+ Qh6 39. Qxh6+ Kxh6 40.
Bd7 Rg8+ 41. Kf2 Ne4+ 42. Kf3 Ng5+ 43. Kf4 Nh3+ 44. Bxh3 1-0

[Event "3. Memorial Oliver Gonzalez 2012 - B"]
[Site "Madrid ESP"]
[Date "2012.09.07"]
[Round "7.13"]
[White "Garcia Salamero, Hector"]
[Black "Rodriguez Dorado, Victor"]
[Result "1-0"]
[WhiteElo "1868"]
[BlackElo "1958"]
[PlyCount "71"]
[EventDate "2012.09.01"]
[EventType "swiss"]
[EventRounds "9"]
[EventCountry "ESP"]
[Source "lmi"]
[SourceDate "2012.09.01"]

1. e4 c6 2. d4 d5 3. Nc3 b5 4. e5 b4 5. Nce2 e6 6. Ng3 Nd7 7. Be3 Qa5 8. Nf3
Ba6 9. Bd3 Bxd3 10. cxd3 Ne7 11. O-O Ng6 12. Nd2 Qb5 13. Qc2 f5 14. f4 Be7 15.
a4 Qb7 16. Nb3 a5 17. Rac1 Ra6 18. Ne2 O-O 19. Nc5 Bxc5 20. dxc5 Raa8 21. Nd4
Rae8 22. Rf2 Nb8 23. h3 Kf7 24. Kf1 Ne7 25. Ke2 h6 26. g4 g6 27. Rg1 Rg8 28.
Rfg2 Qc8 29. Kd1 Rg7 30. Qf2 Kg8 31. gxf5 exf5 32. Qh4 Kh7 33. Nf3 Rh8 34. Bd4
Kg8 35. e6 Qxe6 36. Re2 1-0

[Event "3. Memorial Oliver Gonzalez 2012 - B"]
[Site "Madrid ESP"]
[Date "2012.09.07"]
[Round "7.14"]
[White "Noval Toldos, Francisco Javier"]
[Black "Juberias Guillen, Paloma"]
[Result "1/2-1/2"]
[WhiteElo "1956"]
[BlackElo "1788"]
[PlyCount "58"]
[EventDate "2012.09.01"]
[EventType "swiss"]
[EventRounds "9"]
[EventCountry "ESP"]
[Source "lmi"]
[SourceDate "2012.09.01"]

1. Nf3 d5 2. b3 c5 3. Bb2 Nc6 4. e3 Bg4 5. Be2 Nf6 6. d4 e6 7. O-O Bd6 8. Nbd2
Qc7 9. c4 cxd4 10. exd4 O-O 11. Rc1 Rac8 12. h3 Bh5 13. Nh4 Bxe2 14. Qxe2 Bf4
15. g3 Bh6 16. f4 g5 17. Ng2 gxf4 18. Nxf4 Kh8 19. Kh2 Rg8 20. Rf3 Rxg3 21.
Kxg3 Rg8+ 22. Kf2 Bxf4 23. Rg1 Bxd2 24. Rxg8+ Kxg8 25. Rxf6 Qh2+ 26. Kf1 Qh1+
27. Kf2 Qh2+ 28. Kf1 Qh1+ 29. Kf2 Qh2+ 1/2-1/2

[Event "3. Memorial Oliver Gonzalez 2012 - B"]
[Site "Madrid ESP"]
[Date "2012.09.07"]
[Round "7.15"]
[White "Rosa Ramirez, Victor D"]
[Black "Plazuelo Pascual, Juan"]
[Result "1/2-1/2"]
[WhiteElo "1951"]
[BlackElo "1721"]
[PlyCount "93"]
[EventDate "2012.09.01"]
[EventType "swiss"]
[EventRounds "9"]
[EventCountry "ESP"]
[Source "lmi"]
[SourceDate "2012.09.01"]

1. e4 e6 2. d4 d5 3. e5 c5 4. c3 Nc6 5. Nf3 Bd7 6. Be2 Nge7 7. a3 cxd4 8. cxd4
Qb6 9. b4 Nf5 10. Be3 Be7 11. Nc3 O-O 12. Na4 Qd8 13. O-O f6 14. exf6 Bxf6 15.
Nc5 b6 16. Nxd7 Qxd7 17. Rc1 Rac8 18. Bb5 Qd6 19. Ba6 Rb8 20. Bb5 Rbc8 21. Ba6
Rb8 22. Bd3 Nfxd4 23. Nxd4 Nxd4 24. Bxd4 Bxd4 25. Bxh7+ Kxh7 26. Qxd4 Rbc8 27.
Rcd1 Qf4 28. Qd3+ Qf5 29. Qg3 Rc2 30. h3 Qe4 31. Rde1 Re2 32. Rc1 Qf4 33. Qd3+
Qe4 34. Qxe4+ Rxe4 35. Rc7 a5 36. Rb1 axb4 37. f3 Rd4 38. Rxb4 Rxb4 39. axb4
Rf4 40. b5 Rb4 41. Rc6 Rxb5 42. Rxe6 Rb1+ 43. Kf2 Rb2+ 44. Ke3 Rxg2 45. Rxb6
Rg3 46. Rd6 d4+ 47. Rxd4 1/2-1/2

[Event "3. Memorial Oliver Gonzalez 2012 - B"]
[Site "Madrid ESP"]
[Date "2012.09.07"]
[Round "7.17"]
[White "Julian Serra, Rogelio"]
[Black "Sierra Soria, Maria"]
[Result "1/2-1/2"]
[WhiteElo "2042"]
[BlackElo "1795"]
[PlyCount "97"]
[EventDate "2012.09.01"]
[EventType "swiss"]
[EventRounds "9"]
[EventCountry "ESP"]
[Source "lmi"]
[SourceDate "2012.09.01"]

1. c4 c5 2. Nc3 g6 3. g3 Bg7 4. Bg2 e6 5. Nf3 Ne7 6. e3 Nbc6 7. d4 cxd4 8. Nxd4
Nxd4 9. exd4 d5 10. cxd5 Nxd5 11. O-O O-O 12. Qb3 Bxd4 13. Nxd5 exd5 14. Bh6
Bg7 15. Bxg7 Kxg7 16. Bxd5 Rb8 17. Rac1 b6 18. Qc3+ Qf6 19. Qxf6+ Kxf6 20. Rc7
Bh3 21. Re1 Rbd8 22. Bb3 Rd2 23. Rxa7 Rxb2 24. Rb7 Kg7 25. Rc1 Re2 26. Bd5 Be6
27. Bxe6 Rxe6 28. Rcc7 Rf6 29. f4 Rd8 30. Rc2 Rfd6 31. Rcc7 Rf6 32. Rc2 Rfd6
33. Re2 R8d7 34. Rxd7 Rxd7 35. Rb2 Rd6 36. Kf2 h5 37. Ke3 Kf6 38. Ke4 Ke6 39.
a4 Kf6 40. Rb5 Ke6 41. h3 Kd7 42. f5 Ke7 43. fxg6 fxg6 44. Rd5 Rc6 45. a5 bxa5
46. Rxa5 Kf6 47. Ra4 Re6+ 48. Kf4 g5+ 49. Kf3 1/2-1/2

[Event "3. Memorial Oliver Gonzalez 2012 - B"]
[Site "Madrid ESP"]
[Date "2012.09.07"]
[Round "7.18"]
[White "Rives Higueras, Alan"]
[Black "Alvarez Gonzalez, Eduardo"]
[Result "1-0"]
[WhiteElo "1959"]
[BlackElo "1771"]
[PlyCount "93"]
[EventDate "2012.09.01"]
[EventType "swiss"]
[EventRounds "9"]
[EventCountry "ESP"]
[Source "lmi"]
[SourceDate "2012.09.01"]

1. e4 c6 2. d4 d5 3. Nc3 dxe4 4. Nxe4 Bf5 5. Ng3 Bg6 6. Nf3 Nd7 7. Bd3 Qc7 8.
Ne2 e6 9. Bf4 Bd6 10. Bxd6 Qxd6 11. Bxg6 hxg6 12. Qd2 O-O-O 13. Qa5 a6 14.
O-O-O Rh5 15. Qd2 Qd5 16. Kb1 Qa5 17. Qf4 Rf5 18. Qe3 Ngf6 19. h3 Nd5 20. Qb3
Nf4 21. Nxf4 Rxf4 22. Rhe1 Nb6 23. a3 Nd5 24. c4 Ne7 25. Re5 Qc7 26. Qe3 Rf5
27. Re4 Rh5 28. Qc3 Nf5 29. g4 Nd6 30. gxh5 Nxe4 31. Qe3 f5 32. hxg6 Qd6 33.
Ne5 Qc7 34. f3 Nf6 35. h4 Rh8 36. Rh1 Rh5 37. Nf7 Qd7 38. Qe5 c5 39. Qxc5+ Kb8
40. Qe5+ Ka8 41. Qc5 Kb8 42. Ne5 Qd8 43. Nf7 Qe8 44. Qd6+ Ka7 45. Nd8 Qa4 46.
Qc7 Qb3 47. Nc6+ 1-0

[Event "3. Memorial Oliver Gonzalez 2012 - B"]
[Site "Madrid ESP"]
[Date "2012.09.07"]
[Round "7.19"]
[White "Alonso Garuti, Luis E"]
[Black "Alfaya Marcelo, Roberto"]
[Result "0-1"]
[WhiteElo "1930"]
[BlackElo "1740"]
[PlyCount "56"]
[EventDate "2012.09.01"]
[EventType "swiss"]
[EventRounds "9"]
[EventCountry "ESP"]
[Source "lmi"]
[SourceDate "2012.09.01"]

1. e4 c5 2. Nf3 d6 3. d4 cxd4 4. Nxd4 Nf6 5. Nc3 a6 6. a4 b6 7. Bc4 Bb7 8. f3
Qc7 9. Bb3 Nbd7 10. Be3 Nc5 11. Ba2 g6 12. Qd2 Bg7 13. Bh6 O-O 14. Bxg7 Kxg7
15. Qg5 e6 16. Qe3 Rfe8 17. O-O-O Bc6 18. Nxc6 Qxc6 19. Rd4 e5 20. Rb4 b5 21.
a5 Rac8 22. Nd5 Nxd5 23. exd5 Qc7 24. Rh4 f5 25. f4 exf4 26. Qc3+ Re5 27. Rxf4
Ne4 28. Qxc7+ Rxc7 0-1

[Event "3. Memorial Oliver Gonzalez 2012 - B"]
[Site "Madrid ESP"]
[Date "2012.09.07"]
[Round "7.20"]
[White "Ruiz Quevedo, Andres"]
[Black "Martinez Miura, Enrique"]
[Result "1/2-1/2"]
[WhiteElo "1916"]
[BlackElo "1707"]
[PlyCount "61"]
[EventDate "2012.09.01"]
[EventType "swiss"]
[EventRounds "9"]
[EventCountry "ESP"]
[Source "lmi"]
[SourceDate "2012.09.01"]

1. c4 e5 2. b3 c5 3. Bb2 Nc6 4. Nc3 Nf6 5. g3 Be7 6. Bg2 O-O 7. e3 Rb8 8. Nge2
Re8 9. O-O d6 10. d4 Bf8 11. dxc5 dxc5 12. Bxc6 bxc6 13. Qxd8 Rxd8 14. Rad1 Bh3
15. Rxd8 Rxd8 16. Rd1 Rxd1+ 17. Nxd1 Bg4 18. Ndc3 Bf3 19. Nc1 Bd6 20. Na4 Nd7
21. Ba3 e4 22. Kf1 g5 23. Ne2 f5 24. Ng1 Bh5 25. Ke1 Kf7 26. Kd2 Ke6 27. Ne2
Bf3 28. Ng1 Bh5 29. Ne2 Bf3 30. Ng1 Bh5 31. Ne2 1/2-1/2

[Event "3. Memorial Oliver Gonzalez 2012 - B"]
[Site "Madrid ESP"]
[Date "2012.09.07"]
[Round "7.21"]
[White "Hernandez Ramos, David"]
[Black "Calleja Sanchez, Alfredo J"]
[Result "1/2-1/2"]
[WhiteElo "1661"]
[BlackElo "1903"]
[PlyCount "60"]
[EventDate "2012.09.01"]
[EventType "swiss"]
[EventRounds "9"]
[EventCountry "ESP"]
[Source "lmi"]
[SourceDate "2012.09.01"]

1. d4 Nf6 2. c4 c5 3. d5 b5 4. b3 bxc4 5. bxc4 g6 6. Nd2 Bg7 7. Rb1 d6 8. e4
Qa5 9. Qc2 Nxe4 10. Rb5 Qc3 11. Qxc3 Nxc3 12. Ra5 Bd7 13. Bb2 O-O 14. Ngf3 Na4
15. Bxg7 Kxg7 16. Bd3 Nb6 17. O-O e6 18. Rb1 Nc8 19. dxe6 fxe6 20. Be4 Bc6 21.
Rxb8 Bxe4 22. Rxc8 Rfxc8 23. Nxe4 Rc6 24. Nfg5 d5 25. cxd5 exd5 26. Nxc5 Rac8
27. g3 h6 28. Nge6+ Kf6 29. Rxa7 Rxe6 30. Nxe6 Kxe6 1/2-1/2

[Event "3. Memorial Oliver Gonzalez 2012 - B"]
[Site "Madrid ESP"]
[Date "2012.09.07"]
[Round "7.22"]
[White "Vargas Huamani, Juan C"]
[Black "Palenciano Escolar, Adrian"]
[Result "1-0"]
[WhiteElo "1898"]
[BlackElo "1640"]
[PlyCount "39"]
[EventDate "2012.09.01"]
[EventType "swiss"]
[EventRounds "9"]
[EventCountry "ESP"]
[Source "lmi"]
[SourceDate "2012.09.01"]

1. e4 c5 2. Nf3 d6 3. d4 cxd4 4. Nxd4 Nf6 5. Nc3 a6 6. Bg5 e6 7. f4 Qc7 8. Qd2
Nbd7 9. Bd3 Be7 10. O-O-O h6 11. Bxf6 Bxf6 12. Be2 O-O 13. g4 e5 14. Nd5 Qb8
15. g5 hxg5 16. fxg5 Bd8 17. Nf5 Nc5 18. Qe3 Re8 19. h4 b5 20. Nxd6 1-0

[Event "3. Memorial Oliver Gonzalez 2012 - B"]
[Site "Madrid ESP"]
[Date "2012.09.07"]
[Round "7.23"]
[White "Martin Garcia, Francisco J"]
[Black "Martinez Hernandez, Noemi"]
[Result "1/2-1/2"]
[WhiteElo "1609"]
[BlackElo "1893"]
[PlyCount "72"]
[EventDate "2012.09.01"]
[EventType "swiss"]
[EventRounds "9"]
[EventCountry "ESP"]
[Source "lmi"]
[SourceDate "2012.09.01"]

1. d4 d5 2. c4 e6 3. g3 c6 4. Bg2 f5 5. Nh3 Nf6 6. Qc2 Bd6 7. Bf4 O-O 8. O-O
Ne4 9. Nd2 Bxf4 10. Nxf4 Qf6 11. Nf3 Nd7 12. Rad1 Re8 13. Nd3 Nd6 14. Nfe5 Nf7
15. f4 Nd6 16. Nxd7 Bxd7 17. Ne5 Red8 18. c5 Ne4 19. g4 g5 20. Nxd7 Rxd7 21.
Bxe4 fxe4 22. f5 Rf8 23. fxe6 Qxe6 24. Rxf8+ Kxf8 25. Rf1+ Kg7 26. Rf5 h6 27.
e3 Re7 28. Qf2 Rf7 29. Rxf7+ Qxf7 30. Qxf7+ Kxf7 31. h3 Ke6 32. Kf2 b6 33. b4
Kd7 34. Ke2 Kc7 35. Kd2 b5 36. a3 a6 1/2-1/2

[Event "3. Memorial Oliver Gonzalez 2012 - B"]
[Site "Madrid ESP"]
[Date "2012.09.07"]
[Round "7.24"]
[White "Perez Carballeira, Francisco"]
[Black "Ortega Morales, Pedro"]
[Result "0-1"]
[WhiteElo "1585"]
[BlackElo "1876"]
[PlyCount "115"]
[EventDate "2012.09.01"]
[EventType "swiss"]
[EventRounds "9"]
[EventCountry "ESP"]
[Source "lmi"]
[SourceDate "2012.09.01"]

1. d4 Nf6 2. c4 c5 3. d5 b5 4. b3 bxc4 5. bxc4 d6 6. Nc3 g6 7. Bg5 Bg7 8. Rc1
Nbd7 9. Nf3 h6 10. Bd2 O-O 11. e3 a5 12. Be2 Ba6 13. O-O Qc7 14. Rb1 Rfb8 15.
Qc2 Ne8 16. Nb5 Qd8 17. Bc3 Bxb5 18. Bxg7 Ba4 19. Qxa4 Kxg7 20. Qc2 Rxb1 21.
Rxb1 Ndf6 22. Nd2 Rb8 23. Bd3 Rb6 24. Kf1 Qb8 25. Rxb6 Qxb6 26. Qb3 Qb4 27. Ke2
Nd7 28. a3 Qxb3 29. Nxb3 a4 30. Na1 Nc7 31. Kd2 Na8 32. f4 Kf6 33. g3 e5 34.
dxe6 fxe6 35. Be4 Nab6 36. Kc3 d5 37. cxd5 exd5 38. Bf3 g5 39. Nc2 gxf4 40.
exf4 Nf8 41. Kd3 Ne6 42. Bg4 Nc7 43. Bf3 Nb5 44. Be2 Nc4 45. Bf3 Nb2+ 46. Kd2
d4 47. Be2 Nc3 48. Bd3 Nb1+ 49. Kc1 Nxd3+ 50. Kxb1 Kf5 51. Na1 h5 52. Kc2 c4
53. Kd2 Nf2 54. Ke2 Ne4 55. Kf3 d3 56. Ke3 Nf6 57. h3 Ne4 58. Kf3 0-1

[Event "3. Memorial Oliver Gonzalez 2012 - B"]
[Site "Madrid ESP"]
[Date "2012.09.07"]
[Round "7.27"]
[White "Vazquez Gonzalez, Francisco"]
[Black "Garcia Hernandez, Javier"]
[Result "1-0"]
[WhiteElo "2049"]
[BlackElo "1721"]
[PlyCount "77"]
[EventDate "2012.09.01"]
[EventType "swiss"]
[EventRounds "9"]
[EventCountry "ESP"]
[Source "lmi"]
[SourceDate "2012.09.01"]

1. e4 e6 2. d4 d5 3. e5 c5 4. c3 Nc6 5. Be3 Qb6 6. Qd2 Bd7 7. Nf3 cxd4 8. cxd4
Rc8 9. Nc3 Na5 10. Rc1 Bb4 11. Bd3 Nc4 12. Bxc4 Rxc4 13. O-O Ne7 14. a3 Bxc3
15. Rxc3 Rxc3 16. Qxc3 O-O 17. Rc1 Rc8 18. Qd2 Rxc1+ 19. Qxc1 Qc6 20. Qd2 Nf5
21. h3 Nxe3 22. Qxe3 h6 23. g4 Qc2 24. b4 Bb5 25. Kg2 Qb1 26. Nd2 Qd3 27. Qxd3
Bxd3 28. Kf3 g5 29. Ke3 Bb5 30. f4 Kf8 31. fxg5 hxg5 32. Nf3 Kg7 33. Nxg5 f6
34. Nxe6+ Kf7 35. Nd8+ Ke7 36. Nxb7 fxe5 37. dxe5 Bd7 38. Nc5 Bc8 39. Kd4 1-0

[Event "3. Memorial Oliver Gonzalez 2012 - B"]
[Site "Madrid ESP"]
[Date "2012.09.07"]
[Round "7.28"]
[White "Pinel Mirasierra, Jose Pablo"]
[Black "Fernandez Rodriguez, Fernando"]
[Result "1-0"]
[WhiteElo "1999"]
[BlackElo "1728"]
[PlyCount "42"]
[EventDate "2012.09.01"]
[EventType "swiss"]
[EventRounds "9"]
[EventCountry "ESP"]
[Source "lmi"]
[SourceDate "2012.09.01"]

1. e4 e5 2. Nf3 Nc6 3. d4 exd4 4. Nxd4 Nxd4 5. Qxd4 d6 6. Nc3 Nf6 7. Bc4 Be6 8.
O-O Be7 9. Rd1 O-O 10. b3 a6 11. Bb2 c5 12. Qd3 Qc7 13. Nd5 Bxd5 14. Bxd5 Nxd5
15. Qxd5 Rfd8 16. Rd3 Qc6 17. Qh5 Qxe4 18. Re3 Qh4 19. Qd5 Bf6 20. Bxf6 Qxf6
21. Rae1 b5 1-0

[Event "3. Memorial Oliver Gonzalez 2012 - B"]
[Site "Madrid ESP"]
[Date "2012.09.07"]
[Round "7.29"]
[White "Garcia Lopez, Fernando"]
[Black "Alonso Aranzabal, Iñigo"]
[Result "0-1"]
[WhiteElo "1678"]
[BlackElo "1976"]
[PlyCount "78"]
[EventDate "2012.09.01"]
[EventType "swiss"]
[EventRounds "9"]
[EventCountry "ESP"]
[Source "lmi"]
[SourceDate "2012.09.01"]

1. e4 e5 2. Nf3 Nc6 3. Bb5 a6 4. Ba4 Nf6 5. O-O Be7 6. Re1 b5 7. Bb3 O-O 8. h3
d6 9. c3 Na5 10. Bc2 c5 11. d4 Nd7 12. Nbd2 exd4 13. cxd4 Nc6 14. Nf1 Bf6 15.
d5 Nce5 16. Nxe5 Nxe5 17. f4 Ng6 18. Nh2 Bh4 19. Rf1 Re8 20. Nf3 Bb7 21. Qd3 c4
22. Qa3 a5 23. Ng5 Bxg5 24. fxg5 b4 25. Qf3 Ne5 26. Qh5 Rc8 27. Bf4 Ng6 28. Bg3
Ba6 29. Rf2 c3 30. b3 Qb6 31. Qf3 Re7 32. Kh2 Rf8 33. Re1 Ne5 34. Qe3 Qxe3 35.
Rxe3 Rfe8 36. Bxe5 Rxe5 37. h4 Rxd5 38. Ref3 Rd2 39. Rxf7 Rxc2 0-1